2024-25 NCAA FOOTBALL PLAYOFF TEAMS - Statistics

General Stats
  • This quiz has been taken 172 times
  • The average score is 10 of 12
Answer Stats
Hint Answer % Correct
8 Ohio State
97%
2 Georgia
96%
1 Oregon
96%
5 Texas
94%
6 Penn State
91%
3 Boise State
89%
7 Notre Dame
88%
4 Arizona State
82%
10 Indiana
79%
9 Tennessee
79%
12 Clemson
77%
11 SMU
76%
No matching quizzes found
Score Distribution
Percent of People with Each Score
Percentile by Number Answered
Your Score History
You have not taken this quiz